Foreign exchange management act,1999 and prevention of money launderning bill,1999 with comments / (Record no. 126449)
[ view plain ]
| 000 -LEADER | |
|---|---|
| fixed length control field | 00856nam a22002537a 4500 |
| 003 - CONTROL NUMBER IDENTIFIER | |
| control field | dpl |
| 005 - DATE AND TIME OF LATEST TRANSACTION | |
| control field | 20180731132846.0 |
| 008 - FIXED-LENGTH DATA ELEMENTS--GENERAL INFORMATION | |
| fixed length control field | 180731b xxu||||| |||| 00| 0 eng d |
| 010 ## - LIBRARY OF CONGRESS CONTROL NUMBER | |
| LC control number | A-998114 |
| 020 ## - INTERNATIONAL STANDARD BOOK NUMBER | |
| Terms of availability | 100.00 |
| 035 ## - SYSTEM CONTROL NUMBER | |
| System control number | A-998114, A-998123 |
| 037 ## - SOURCE OF ACQUISITION | |
| Source of stock number/acquisition | Cen Lib/Ret |
| 040 ## - CATALOGING SOURCE | |
| Original cataloging agency | DPL |
| Language of cataloging | EN |
| Transcribing agency | 0 |
| 082 ## - DEWEY DECIMAL CLASSIFICATION NUMBER | |
| Classification number | 343.032068 |
| Item number | FOR |
| 245 ## - TITLE STATEMENT | |
| Title | Foreign exchange management act,1999 and prevention of money launderning bill,1999 with comments / |
| Statement of responsibility, etc | edited by Ravi Puliani [and] Mahesh Puliani |
| 260 ## - PUBLICATION, DISTRIBUTION, ETC. (IMPRINT) | |
| Place of publication, distribution, etc | New Delhi |
| Name of publisher, distributor, etc | Bharat law house |
| 270 ## - ADDRESS | |
| City | New Delhi |
| Address | Pitampura |
| Postal code | 110034 |
| 300 ## - PHYSICAL DESCRIPTION | |
| Extent | various pagings . |
| Dimensions | 22cm(pbk) |
| 650 ## - SUBJECT ADDED ENTRY--TOPICAL TERM | |
| Topical term or geographic name as entry element | Public administration |
| 9 (RLIN) | 4733 |
| 650 ## - SUBJECT ADDED ENTRY--TOPICAL TERM | |
| Topical term or geographic name as entry element | Foreign exchange management |
| 9 (RLIN) | 17540 |
| 700 ## - ADDED ENTRY--PERSONAL NAME | |
| Personal name | Puliani, Ravi |
| 9 (RLIN) | 17541 |
| 700 ## - ADDED ENTRY--PERSONAL NAME | |
| Personal name | Puliani, Mahesh |
| 9 (RLIN) | 1186 |
| 942 ## - ADDED ENTRY ELEMENTS (KOHA) | |
| Source of classification or shelving scheme | Dewey Decimal Classification |
| Koha item type | English Books |
| Classification part | 343.032068 |
| Call number suffix | FOR |
| Withdrawn status | Lost status | Damaged status | Not for loan | Home library | Current library | Date acquired | Source of acquisition | Cost, normal purchase price | Total Checkouts | Full call number | Barcode | Date last seen | Copy number | Cost, replacement price | Price effective from | Koha item type | Source of classification or shelving scheme | Collection code |
|---|---|---|---|---|---|---|---|---|---|---|---|---|---|---|---|---|---|---|
| Central Library | Central Library | 25/06/2015 | Cen Lib/Ret | 100.00 | 343.032068 FOR | A-998114 | 25/06/2015 | 1 | 100.00 | 25/06/2015 | English Books | |||||||
| Shahdara Branch | Shahdara Branch | 31/07/2018 | BPPD/PUB | 100.00 | 343.032068 FOR | A-998123 | 31/07/2018 | 100.00 | 31/07/2018 | English Books | Dewey Decimal Classification | Non-fiction |
